000 00794cam a2200277 4500
008 090401t1995 xxu||||| |||| 00| 0 eng d
020 _a070490263X
035 _a(Sirsi) u9043
041 _aeng
050 _a333.335
100 _aPrag, Peter A. B.
245 _aWhat on earth is the value of farmland?
260 _aReading
_bCELTS
_c1995
300 _a14p. ; 30cm.
350 _a0
490 _aCommentary Series
_v95/3
650 _aPROPERTY-RURAL AND NATURAL ASSETS-AGRICULTURAL PROPERTY-AGRICULTURAL LAND
650 _aFARMLAND MARKET
650 _aLAND PRICES
650 _aValuation
_96273
690 _aRURAL PRACTICE
710 _aCentre for Environment and Land Tenure Studies
_92835
710 _aUniversity of Reading
_93273
942 _n0
948 _c04/03/1997
999 _c86591
_d86591